Skip to content
VuFind
Login
All Fields
Title
Author
Subject
Call Number
ISBN/ISSN
Tag
Find
Advanced
රිටි පැනීම/
Cite this
Text this
Email this
Print
Export Record
Export to RefWorks
Export to EndNoteWeb
Export to EndNote
Export to MARC
Export to BibTeX
Export to RIS
Save to List
Permanent link
රිටි පැනීම/
Show other versions (2)
Saved in:
Bibliographic Details
Main Author:
ගුණවර්ධන, ලලිත්
Format:
Book
Language:
English
Sinhalese
Published:
කොළඹ 10 :
ගොඩගේ,
1999.
Edition:
1 වන මුද්රණය.
Subjects:
මළල ක්රීඩා
Tags:
Add Tag
No Tags, Be the first to tag this record!
Holdings
Description
Comments
Other Versions (2)
Similar Items
Staff View
MARC
LEADER
00000nam a22000007a 4500
003
LK-HbPL
005
20251119112803.0
008
251119b |||||||| |||| 00| 0 eng d
020
|a
955203776X
040
|a
LK-HbPL
|b
sin
|d
LK-HbPL
041
|a
sin
082
|2
23
|a
796.432
|b
ගුණව
100
|a
ගුණවර්ධන, ලලිත්
245
|a
රිටි පැනීම/
|c
ලලිත් ගුණවර්ධන.
250
|a
1 වන මුද්රණය.
260
|a
කොළඹ 10 :
|b
ගොඩගේ,
|c
1999.
300
|a
පි.92 : චිත්ර ;
|c
සෙ.මී.22
650
0
|a
මළල ක්රීඩා
942
|c
LBK
999
|c
13046
|d
13046
Similar Items
උස පැනීම/
by: ගුණවර්ධන, ලලිත්
Published: (1997)
දුර පැනීම/
by: ගුණවර්ධන, ලලිත්
Published: (1997)
උස පැනීම
by: ගුණවර්ධන, ලලිත්
Published: (1997)
උස පැනීම
by: ගුණවර්ධන, ලලිත්
Published: (1997)
කවපෙත්ත විසිකිරීම/
by: ගුණවර්ධන, ලලිත්
Published: (1985)